00722nam a22001937a 450000500170000000800410001702000180005804000100007608200200008610000250010624500820013126000430021330000250025665001630028170000210044470000180046570000220048370000230050520260218114359.0260218b |||||||| |||| 00| 0 eng d a9789393875013 cVITAP 223a796.358 RAO aRao, Rajasekhara Ed. aRoad To 1000b: India`s 100 ODIS in 1000 Picturesc/ V.V. Rajasekhara Rao Ed. aChennaibTHG Publishing Pvt Ltd.c2025 a511p, ill.:24cm*33cm 0aChronological Photographic Narrative, Milestones & Landmark Events, Historic & Iconic Photographs, Captions & Contextual Text, Tribute to Fans & the Game etc. aNarayanan, R Ed. aPrasad, G Ed. aAcharya, Ayan Ed. aPrasad, Dhruva Ed.